MotoGP 2020 Riders - Statistics

General Stats
  • This quiz has been taken 155 times
  • The average score is 19 of 22
Answer Stats
Team Bike Number Rider % Correct
Repsol Honda HONDA 73 Álex Márquez
100%
Repsol Honda HONDA 93 Marc Márquez
100%
Monster Energy Yamaha YAMAHA 46 Valentino Rossi
100%
Team Suzuki Ecstar SUZUKI 42 Álex Rins
92%
Monster Energy Yamaha YAMAHA 12 Maverick Viñales
92%
Petronas Yamaha YAMAHA 20 Fabio Quartararo
90%
Pramac Racing DUCATI 43 Jack Miller
90%
Petronas Yamaha YAMAHA 21 Franco Morbidelli
89%
Team Suzuki Ecstar SUZUKI 36 Joan Mir
89%
Mission Winnow Ducati DUCATI 04 Andrea Dovizioso
88%
Aprilia Racing Team Gresini APRILIA 41 Aleix Espargaró
87%
Pramac Racing DUCATI 63 Francesco Bagnaia
87%
Red Bull KTM Factory KTM 44 Pol Espargaró
87%
Red Bull KTM Factory KTM 33 Brad Binder
83%
Reale Avintia DUCATI 5 Johann Zarco
83%
Mission Winnow Ducati DUCATI 9 Danilo Petrucci
81%
Red Bull KTM Tech 3 KTM 88 Miguel Oliveira
81%
LCR Honda HONDA 30 Takaaki Nakagami
78%
LCR Honda HONDA 35 Cal Crutchlow
69%
Aprilia Racing Team Gresini APRILIA 29 Andrea Iannone
66%
Reale Avintia DUCATI 53 Tito Rabat
63%
Red Bull KTM Tech 3 KTM 27 Iker Lecuona
57%
No matching quizzes found
Score Distribution
Percent of People with Each Score
Percentile by Number Answered
Your Score History
You have not taken this quiz